[Event "Lichtenrader Herbst"]
[Site "Berlin"]
[Date "2009.10.24"]
[Round "8.38"]
[White "Dukaczewski, Piotr"]
[Black "Meister, Jakob"]
[Result "0-1"]
[WhiteElo "2285"]
[BlackElo "2480"]
[PlyCount "150"]
[EventDate "2009.??.??"]
[BlackTeam "SK Zehlendorf e.V."]

1. e4 c5 2. Nf3 d6 3. d4 cxd4 4. Nxd4 Nf6 5. Nc3 e6 6. Bc4 Be7 7. Be3 O-O 8.
O-O a6 9. Bb3 Nbd7 10. f3 Nc5 11. Qd2 Qc7 12. Rfd1 b5 13. a3 Nxb3 14. Nxb3 Bb7
15. Bd4 Bc6 16. Qf2 Rab8 17. Nc1 Rfd8 18. Nd3 e5 19. Ba7 Rb7 20. Nb4 a5 21.
Nxc6 Qxc6 22. Nd5 Nxd5 23. Rxd5 Rc8 24. c3 b4 25. cxb4 axb4 26. a4 Ra8 27. Be3
Rxa4 28. Rc1 Qe8 29. Qc2 Ra6 30. Qb3 h6 31. Rc4 Ra1+ 32. Kf2 Qa4 33. Rd3 Qa6
34. Rc8+ Kh7 35. Kg3 Bg5 36. Bxg5 hxg5 37. Qd5 Rd7 38. Rc6 Qa2 39. Qxa2 Rxa2
40. Rb3 d5 41. exd5 Rxd5 42. Rxb4 Rd2 43. h4 Raxb2 44. Rxb2 gxh4+ 45. Kxh4 Rxb2
46. Kg3 f6 47. Rc3 Kg6 48. Kh3 Kg5 49. Rc4 Rd2 50. Kg3 Kf5 51. Re4 g6 52. Ra4
Re2 53. Rb4 Kg5 54. Rg4+ Kh6 55. Rh4+ Kg7 56. Ra4 f5 57. Ra6 Kh6 58. Ra4 Kg5
59. Kh3 Rd2 60. Kg3 Kf6 61. Ra6+ Kf7 62. Ra7+ Ke6 63. Ra6+ Rd6 64. Ra5 Kf6 65.
Rb5 Ra6 66. Rc5 Ra2 67. Rc1 Kg5 68. Rc5 Kh5 69. Kh3 Kh6 70. Kg3 Re2 71. Rb5 Kh5
72. Kh3 f4 73. Rb6 e4 74. fxe4 Re3+ 75. Kh2 Rxe4 {später} 0-1

[Event "Lichtenrader Herbst"]
[Site "Berlin"]
[Date "2009.10.25"]
[Round "9.1"]
[White "Graf, Alexander"]
[Black "Marcziter, Dmitrii"]
[Result "1-0"]
[WhiteElo "2596"]
[BlackElo "2257"]
[PlyCount "87"]
[EventDate "2009.??.??"]
[WhiteTeam "Schachklub König Plauen"]
[BlackTeam "Kölner Schachklub Dr. Lasker 186"]

1. d4 d5 2. c4 e6 3. Nf3 c5 4. cxd5 exd5 5. g3 Nc6 6. Bg2 Nf6 7. O-O Be7 8. Nc3
O-O 9. Bg5 cxd4 10. Nxd4 h6 11. Be3 Re8 12. Qc2 Bf8 13. Rad1 Bg4 14. h3 Be6 15.
Nxc6 bxc6 16. Bd4 Nd7 17. e4 dxe4 18. Nxe4 Bd5 19. Rfe1 Qa5 20. Nc3 Rxe1+ 21.
Rxe1 Bxg2 22. Kxg2 c5 23. Be3 Nf6 24. Qf5 Qb4 25. Re2 Re8 26. Rd2 Qb7+ 27. Qf3
Qa6 28. g4 Rb8 29. h4 Rb4 30. Bf4 g5 31. hxg5 hxg5 32. Bg3 Qe6 33. Re2 Qa6 34.
Re5 Nh7 35. b3 Rd4 36. Ne4 f6 37. Rf5 Be7 38. Nxc5 Qxa2 39. Ne6 Rd7 40. Rd5
Rxd5 41. Qxd5 Nf8 42. Nd4+ Kh8 43. Qf7 Qa3 44. Nf5 1-0

[Event "Lichtenrader Herbst"]
[Site "Berlin"]
[Date "2009.10.25"]
[Round "9.2"]
[White "Meister, Jakob"]
[Black "Orzech, Dominik"]
[Result "0-1"]
[WhiteElo "2480"]
[BlackElo "2435"]
[PlyCount "52"]
[EventDate "2009.??.??"]
[WhiteTeam "SK Zehlendorf e.V."]
[BlackTeam "SK Zehlendorf e.V."]

1. e4 c5 2. c3 d5 3. Bb5+ Bd7 4. Bxd7+ Qxd7 5. d3 Nc6 6. Nf3 Rd8 7. Qc2 e6 8.
O-O Nge7 9. Bg5 h6 10. Bxe7 Bxe7 11. e5 O-O 12. Nbd2 Qc7 13. Rfe1 Rc8 14. Nf1
Rfd8 15. h4 b5 16. h5 b4 17. Qe2 Rb8 18. N1d2 Rb7 19. c4 a5 20. Rad1 Qb8 21. b3
Rbd7 22. d4 cxd4 23. Qd3 Qb6 24. Rc1 a4 25. Qf1 Qa7 26. cxd5 Rxd5 {später} 0-1

[Event "Lichtenrader Herbst"]
[Site "Berlin"]
[Date "2009.10.25"]
[Round "9.3"]
[White "Kalinitschew, Sergey"]
[Black "Rolle, Eric"]
[Result "0-1"]
[WhiteElo "2483"]
[BlackElo "2265"]
[PlyCount "70"]
[EventDate "2009.??.??"]
[WhiteTeam "SK Zehlendorf e.V."]
[BlackTeam "ESV 1949 Eberswalde e.V."]

1. d4 Nf6 2. c4 e6 3. Nc3 Bb4 4. Qc2 Nc6 5. Nf3 O-O 6. a3 Bxc3+ 7. Qxc3 h6 8.
g3 a5 9. b3 d6 10. Bg2 Re8 11. O-O e5 12. d5 Ne7 13. Nd2 Ng6 14. e4 c6 15. Bb2
Bd7 16. Qd3 cxd5 17. cxd5 a4 18. bxa4 Rxa4 19. Bc3 b5 20. Bb4 Qb6 21. Rac1 Raa8
22. Nb3 Rec8 23. Rxc8+ Rxc8 24. Na5 Ne8 25. Rb1 Ne7 26. Qd2 f5 27. exf5 Bxf5
28. Rb2 Nf6 29. Nc6 Nxc6 30. dxc6 e4 31. Qxd6 Rd8 32. Qxd8+ Qxd8 33. Rd2 Qb6
34. Rc2 Qd4 35. Bd2 Ng4 0-1

[Event "Lichtenrader Herbst"]
[Site "Berlin"]
[Date "2009.10.25"]
[Round "9.4"]
[White "Glantz, Robert"]
[Black "Brener, Ilja"]
[Result "0-1"]
[WhiteElo "2228"]
[BlackElo "2409"]
[PlyCount "80"]
[EventDate "2009.??.??"]
[WhiteTeam "Sfrd. Berlin 1903 e.V."]
[BlackTeam "SK Zehlendorf e.V."]

1. e4 d6 2. d4 Nf6 3. Nc3 e5 4. Nf3 Nbd7 5. Bc4 Be7 6. O-O O-O 7. Re1 c6 8. a4
a5 9. b3 h6 10. Bb2 Re8 11. Qd2 Qc7 12. Rad1 Nf8 13. h3 Ng6 14. Bd3 Nh7 15. Ne2
Ng5 16. Nxg5 Bxg5 17. Qc3 Qe7 18. dxe5 dxe5 19. Bc4 h5 20. Ng3 Nf4 21. Nf5 Bxf5
22. exf5 Bf6 23. Re4 Qc7 24. Qf3 Rab8 25. Rxf4 exf4 26. Bxf6 gxf6 27. Qxh5 Kg7
28. Qg4+ Kf8 29. Qh4 Rbd8 30. Qh6+ Ke7 31. Re1+ Kd7 32. Rxe8 Rxe8 33. Qxf6 Re1+
34. Bf1 Kc8 35. h4 Qd7 36. Qc3 Qd1 37. Qc4 f3 38. gxf3 Qxf3 39. f6 Re4 40. Bg2
Qd1+ 0-1

[Event "Lichtenrader Herbst"]
[Site "Berlin"]
[Date "2009.10.25"]
[Round "9.5"]
[White "Radovanovic, Jovica"]
[Black "Boewer, Roland"]
[Result "1-0"]
[WhiteElo "2360"]
[BlackElo "2246"]
[PlyCount "37"]
[EventDate "2009.??.??"]
[BlackTeam "SC Rotation Pankow e.V."]

1. e4 c5 2. c3 Nf6 3. e5 Nd5 4. Nf3 Nc6 5. Bc4 Nb6 6. Bb3 d5 7. exd6 Qxd6 8.
Na3 Bf5 9. d4 cxd4 10. Nb5 Qd7 11. Nbxd4 Bg6 12. O-O e6 13. Qe2 Nxd4 14. Nxd4
Be7 15. Rd1 Qc8 16. a4 O-O 17. a5 Nd7 18. Nxe6 Re8 19. Ba4 1-0

[Event "Lichtenrader Herbst"]
[Site "Berlin"]
[Date "2009.10.25"]
[Round "9.6"]
[White "Meissner, Hans-Juergen"]
[Black "Suder, Ryszard"]
[Result "1/2-1/2"]
[WhiteElo "2241"]
[BlackElo "2163"]
[PlyCount "106"]
[EventDate "2009.??.??"]
[WhiteTeam "SV Empor Berlin e.V."]

1. Nf3 Nf6 2. c4 g6 3. Nc3 d5 4. cxd5 Nxd5 5. Qa4+ c6 6. Qd4 f6 7. e4 Nxc3 8.
Qxc3 Be6 9. Bc4 Qd7 10. O-O Bg7 11. Qb3 Bxc4 12. Qxc4 Na6 13. d4 e6 14. Be3 O-O
15. Rad1 Nc7 16. Bf4 Rfe8 17. Qb3 Na6 18. h3 Qf7 19. Rfe1 Rad8 20. a3 Rd7 21.
Rc1 h6 22. Bg3 Red8 23. Rc4 g5 24. Qc3 Nc7 25. a4 Ne8 26. b4 h5 27. b5 cxb5 28.
axb5 g4 29. hxg4 hxg4 30. Nh2 f5 31. exf5 exf5 32. Be5 Nd6 33. Rb4 Ne4 34. Rxe4
fxe4 35. Nxg4 Bxe5 36. Nxe5 Qh5 37. Nxd7 Qd1+ 38. Kh2 Qh5+ 39. Qh3 Qxh3+ 40.
Kxh3 Rxd7 41. Kg4 Rg7+ 42. Kf4 Rxg2 43. Rb2 Kf7 44. Kxe4 Ke6 45. Ra2 Rg5 46.
Rxa7 Rxb5 47. Ra1 Rb2 48. f3 Re2+ 49. Kd3 Rf2 50. Ke3 Rb2 51. Rc1 Kd5 52. Rc5+
Kd6 53. Rh5 Rb1 1/2-1/2

[Event "Lichtenrader Herbst"]
[Site "Berlin"]
[Date "2009.10.25"]
[Round "9.7"]
[White "Batyrov, Sapar"]
[Black "Hahlbohm, Matthias"]
[Result "1-0"]
[WhiteElo "2421"]
[BlackElo "2090"]
[PlyCount "53"]
[EventDate "2009.??.??"]
[BlackTeam "TSG Oberschöneweide e.V."]

1. d4 d5 2. Nf3 Nf6 3. c4 c6 4. e3 e6 5. Bd3 Bd6 6. O-O Nbd7 7. Nbd2 h6 8. Re1
O-O 9. e4 dxe4 10. Nxe4 Nxe4 11. Rxe4 Re8 12. Qe2 Nf6 13. Rh4 c5 14. dxc5 Bxc5
15. Ne5 Bd4 16. Bxh6 gxh6 17. Qd2 Kf8 18. Qxh6+ Ke7 19. Ng6+ fxg6 20. Qg7+ Kd6
21. Rxd4+ Nd5 22. cxd5 exd5 23. Bxg6 Rg8 24. Rxd5+ Kxd5 25. Rd1+ Ke6 26. Qf7+
Ke5 27. f4# 1-0

[Event "Lichtenrader Herbst"]
[Site "Berlin"]
[Date "2009.10.25"]
[Round "9.9"]
[White "Dauth, Benjamin"]
[Black "Jaeger, Andre"]
[Result "0-1"]
[WhiteElo "2297"]
[BlackElo "2047"]
[PlyCount "60"]
[EventDate "2009.??.??"]
[WhiteTeam "SC Rotation Pankow e.V."]
[BlackTeam "SC Rochade e.V."]

1. e4 c5 2. c3 Nf6 3. e5 Nd5 4. d4 cxd4 5. Qxd4 e6 6. Nf3 Nc6 7. Qe4 Qc7 8.
Nbd2 f5 9. exf6 Nxf6 10. Qh4 d5 11. Bd3 e5 12. Bg6+ hxg6 13. Qxh8 Bf5 14. Nb3
O-O-O 15. Qh4 d4 16. cxd4 e4 17. Nfd2 Be7 18. Nf1 Nb4 19. Bf4 Nd3+ 20. Kd1
Nxb2+ 21. Ke2 Qc4+ 22. Ke1 Nd3+ 23. Kd1 Nd5 24. Bg5 Bxg5 25. Qxg5 Nxf2+ 26. Ke1
Nd3+ 27. Kd2 Qc3+ 28. Ke2 N3f4+ 29. Kf2 e3+ 30. Kg1 Ne2# 0-1

[Event "Lichtenrader Herbst"]
[Site "Berlin"]
[Date "2009.10.25"]
[Round "9.10"]
[White "Gunajew, Rafal"]
[Black "Niehaus, Frank"]
[Result "0-1"]
[WhiteElo "2261"]
[BlackElo "2152"]
[PlyCount "82"]
[EventDate "2009.??.??"]
[BlackTeam "Sfrd. Berlin 1903 e.V."]

1. e4 c5 2. Nf3 d6 3. d4 cxd4 4. Nxd4 Nf6 5. Nc3 g6 6. Be3 Bg7 7. f3 O-O 8. Qd2
Nc6 9. O-O-O d5 10. Nxc6 bxc6 11. exd5 Nxd5 12. Nxd5 cxd5 13. Qxd5 Qc7 14. Qc5
Qb7 15. Qa3 Bf5 16. Ba6 Qc6 17. Rd2 Rab8 18. c4 Rfd8 19. Rhd1 Rxd2 20. Rxd2 h5
21. c5 Qe6 22. Be2 a5 23. g3 a4 24. Bf4 Rc8 25. Kd1 Bb1 26. b4 axb3 27. Qxb3
Qc6 28. Be3 Bf5 29. a4 Qa8 30. Bf2 Bh6 31. Rb2 Be6 32. Qb5 Bg7 33. Rb1 Bc3 34.
Kc2 Be5 35. Rd1 Rb8 36. Qa6 Bb3+ 37. Kc1 Bb2+ 38. Kxb2 Bxd1+ 39. Kc1 Qxa6 40.
Bxa6 Bxa4 41. Bd4 Bc6 0-1

[Event "Lichtenrader Herbst"]
[Site "Berlin"]
[Date "2009.10.25"]
[Round "9.11"]
[White "Schulz, Anja"]
[Black "Lueders, Gerhard"]
[Result "1-0"]
[WhiteElo "1979"]
[BlackElo "2259"]
[PlyCount "59"]
[EventDate "2009.??.??"]
[WhiteTeam "Muldental Wilkau-Haßlau"]
[BlackTeam "BSC Rehberge 1945 e.V."]

1. e4 c5 2. Nf3 d6 3. d4 cxd4 4. Nxd4 Nf6 5. Nc3 a6 6. Be3 Ng4 7. Bg5 h6 8. Bh4
g5 9. Bg3 Bg7 10. h3 Ne5 11. f3 Nbc6 12. Bf2 e6 13. Qd2 Na5 14. O-O-O b5 15. b3
Bd7 16. h4 Qc7 17. Nf5 Bf6 18. hxg5 Nxf3 19. gxf3 Bxc3 20. Qxd6 Qd8 21. Bb6 Nb7
22. Bxd8 Nxd6 23. Nxd6+ Kxd8 24. Nxf7+ Ke7 25. Nxh8 Bxh8 26. Rxh6 Bg7 27. Rh7
Rg8 28. f4 Ke8 29. Bh3 Bf8 30. Rhxd7 1-0

[Event "Lichtenrader Herbst"]
[Site "Berlin"]
[Date "2009.10.25"]
[Round "9.12"]
[White "Stachanczyk, Jacek"]
[Black "Davydov, Ruven"]
[Result "1-0"]
[WhiteElo "2212"]
[BlackElo "1954"]
[PlyCount "61"]
[EventDate "2009.??.??"]
[BlackTeam "TuS Makkabi Berlin e.V."]

1. e4 e5 2. Nf3 Nc6 3. Bb5 a6 4. Bxc6 dxc6 5. O-O Bg4 6. h3 h5 7. d3 Qf6 8. Be3
Bxf3 9. Qxf3 Qxf3 10. gxf3 Bd6 11. Nd2 f6 12. Rfb1 Ne7 13. Kf1 O-O-O 14. Ke2 g5
15. b4 Rhg8 16. c4 Ng6 17. a4 Be7 18. b5 cxb5 19. axb5 axb5 20. Rxb5 b6 21. Nb3
Nf4+ 22. Bxf4 gxf4 23. d4 exd4 24. Nxd4 Kb7 25. Ne6 Ra8 26. Rab1 Ra2+ 27. Kf1
Rc2 28. c5 Ra8 29. cxb6 c6 30. R5b2 Rc3 31. Rd2 1-0

[Event "Lichtenrader Herbst"]
[Site "Berlin"]
[Date "2009.10.25"]
[Round "9.13"]
[White "Pueschel, Werner"]
[Black "Schmidt, Stefan"]
[Result "0-1"]
[WhiteElo "2164"]
[BlackElo "1989"]
[PlyCount "58"]
[EventDate "2009.??.??"]
[WhiteTeam "SG Lasker Steglitz-Wilmersdorf"]
[BlackTeam "SC Zitadelle Spandau 1977 e.V."]

1. Nf3 g6 2. g3 f5 3. Bg2 Bg7 4. c3 d6 5. Qb3 c6 6. d3 Nf6 7. Nbd2 e5 8. e4
fxe4 9. dxe4 Na6 10. Qc2 O-O 11. O-O Nc7 12. b3 Qe7 13. Ba3 b5 14. Rad1 Nfe8
15. c4 Rb8 16. h3 b4 17. Bc1 Kh8 18. Rfe1 Ne6 19. Nf1 c5 20. Rd3 N8c7 21. Qd1
Bb7 22. N1h2 a5 23. h4 Nd4 24. Nxd4 cxd4 25. Bg5 Qf7 26. Rf3 Qg8 27. Bh3 Rxf3
28. Qxf3 Rf8 29. Qg4 Bc8 0-1

[Event "Lichtenrader Herbst"]
[Site "Berlin"]
[Date "2009.10.25"]
[Round "9.14"]
[White "Pesola, Jyrki"]
[Black "Cusnariov, Nicolai"]
[Result "0-1"]
[WhiteElo "1946"]
[BlackElo "2156"]
[PlyCount "66"]
[EventDate "2009.??.??"]
[BlackTeam "USV Potsdam e.V., Abt. Schach"]

1. e4 c5 2. Nf3 d6 3. d4 cxd4 4. Nxd4 Nf6 5. Nc3 a6 6. Bg5 e6 7. f4 Qb6 8. Qd2
Qxb2 9. Rb1 Qa3 10. f5 Nc6 11. fxe6 fxe6 12. Nxc6 bxc6 13. e5 Nd5 14. Rb3 Qa5
15. Ne4 Qxd2+ 16. Kxd2 dxe5 17. c4 Nc7 18. Be2 Be7 19. Be3 O-O 20. Bf3 a5 21.
Nc5 Ba6 22. Bxc6 Bxc4 23. Bxa8 Bxb3 24. Nxb3 Rxa8 25. Kd3 Nd5 26. Bd2 a4 27.
Na5 Rd8 28. Ke4 Nf6+ 29. Ke3 Rxd2 30. Kxd2 Bb4+ 31. Kd3 Bxa5 32. Kc4 e4 33. Kb5
Bd2 0-1

[Event "Lichtenrader Herbst"]
[Site "Berlin"]
[Date "2009.10.25"]
[Round "9.15"]
[White "Reichenbach, Werner"]
[Black "Rosenblatt, Marcus"]
[Result "1-0"]
[WhiteElo "2280"]
[BlackElo "1959"]
[PlyCount "81"]
[EventDate "2009.??.??"]
[WhiteTeam "SK Zehlendorf e.V."]
[BlackTeam "USG Chemnitz"]

1. d4 Nf6 2. c4 g6 3. Nc3 Bg7 4. e4 d6 5. Be2 O-O 6. Bg5 c5 7. d5 h6 8. Be3
Nbd7 9. Qd2 Kh7 10. f4 Qa5 11. Nh3 b5 12. cxb5 a6 13. Nf2 Rb8 14. a4 Ne8 15.
O-O Nc7 16. Rfd1 f5 17. Qc2 Nb6 18. e5 Nd7 19. e6 Nf6 20. Bc4 Nh5 21. Bd2 Ne8
22. Qd3 Ra8 23. g3 Bf6 24. Ra2 Neg7 25. Qc2 Kh8 26. Nce4 Qd8 27. Nxf6 Nxf6 28.
Bc3 Bb7 29. Bxf6 Rxf6 30. b3 g5 31. fxg5 hxg5 32. Nh3 Rg6 33. Qd2 Qg8 34. bxa6
Bxa6 35. Bxa6 Rxa6 36. Nxg5 Nh5 37. h4 Nxg3 38. Qc3+ Qg7 39. Qxg3 Rb6 40. Rc2
f4 41. Qf3 1-0

[Event "Lichtenrader Herbst"]
[Site "Berlin"]
[Date "2009.10.25"]
[Round "9.16"]
[White "Duenzel, Jonas"]
[Black "Kollberg, Lothar"]
[Result "1/2-1/2"]
[WhiteElo "1983"]
[BlackElo "2232"]
[PlyCount "79"]
[EventDate "2009.??.??"]
[WhiteTeam "Schachclub 90 Niesky"]
[BlackTeam "SC Rotation Pankow e.V."]

1. e4 g6 2. d4 Bg7 3. Nc3 d6 4. Be3 c6 5. f4 b5 6. a3 a6 7. Qd2 Nd7 8. h3 Bb7
9. g4 e5 10. dxe5 dxe5 11. f5 Qh4+ 12. Bf2 Qe7 13. Nf3 gxf5 14. gxf5 Bh6 15.
Be3 Bxe3 16. Qxe3 Ngf6 17. Nd2 Rg8 18. Qe2 c5 19. a4 b4 20. Nd1 c4 21. c3 Nc5
22. Qxc4 Nfxe4 23. Nxe4 Bxe4 24. Rh2 a5 25. Qb5+ Kf8 26. f6 Qc7 27. cxb4 axb4
28. Rc1 Rc8 29. Qxb4 Rg6 30. Nf2 Bf5 31. Rg2 Kg8 32. Rxg6+ Bxg6 33. Ba6 Qa7 34.
Bxc8 Nd3+ 35. Nxd3 Qe3+ 36. Kd1 Qxd3+ 37. Qd2 Qf1+ 38. Qe1 Qd3+ 39. Qd2 Qf1+
40. Qe1 1/2-1/2

[Event "Lichtenrader Herbst"]
[Site "Berlin"]
[Date "2009.10.25"]
[Round "9.17"]
[White "Lerch, Philipp"]
[Black "Bubolz, Konstantin"]
[Result "0-1"]
[WhiteElo "1943"]
[BlackElo "2140"]
[PlyCount "58"]
[EventDate "2009.??.??"]
[WhiteTeam "TuS Makkabi Berlin e.V."]
[BlackTeam "SK König Tegel 1949 e.V."]

1. e4 e6 2. d4 d5 3. Nd2 Nf6 4. e5 Nfd7 5. Bd3 c5 6. c3 Nc6 7. Ne2 cxd4 8. cxd4
f6 9. Nf4 Nxd4 10. Qh5+ Ke7 11. Ng6+ hxg6 12. exf6+ Nxf6 13. Qxh8 Kf7 14. O-O
e5 15. Nb3 Nxb3 16. axb3 Bf5 17. Bxf5 gxf5 18. Bg5 Bc5 19. Qh3 g6 20. Rac1 Bb6
21. Rfe1 e4 22. Qg3 Qe7 23. Red1 Rd8 24. Qh4 d4 25. Rc4 d3 26. Be3 Bxe3 27.
fxe3 Ng4 28. Qg3 Qg5 29. Rc7+ Ke6 0-1

[Event "Lichtenrader Herbst"]
[Site "Berlin"]
[Date "2009.10.25"]
[Round "9.18"]
[White "Weyers, Guido"]
[Black "Shapiro, Yosip"]
[Result "0-1"]
[WhiteElo "1976"]
[BlackElo "2109"]
[PlyCount "76"]
[EventDate "2009.??.??"]
[WhiteTeam "SC Weisse Dame e.V."]
[BlackTeam "SV Berolina Mitte e.V."]

1. c4 c5 2. g3 Nc6 3. Bg2 Nf6 4. Nc3 g6 5. e4 d6 6. Nge2 Bg7 7. O-O h5 8. d3
Bd7 9. Bg5 Ne5 10. f4 Nh7 11. Bh4 Ng4 12. Qd2 Bc6 13. h3 Ngf6 14. Nd5 e6 15.
Ndc3 Qc7 16. Kh2 O-O-O 17. Nb5 Qb8 18. Qe3 a6 19. Nbc3 Rdg8 20. e5 dxe5 21.
Bxc6 bxc6 22. Qxc5 Qc7 23. Ne4 Bf8 24. Qf2 Nxe4 25. dxe4 f6 26. g4 exf4 27. Qf3
hxg4 28. Qxg4 f5 29. exf5 exf5 30. Qf3 g5 31. Be1 g4 32. Qd3 Nf6 33. Qxf5+ Nd7
34. h4 f3+ 35. Nf4 Bd6 36. Bg3 Rf8 37. Qxg4 Bxf4 38. Bxf4 Rxf4 0-1

[Event "Lichtenrader Herbst"]
[Site "Berlin"]
[Date "2009.10.25"]
[Round "9.19"]
[White "Mueller, Tobias"]
[Black "Schulz, Petra"]
[Result "1/2-1/2"]
[WhiteElo "1922"]
[BlackElo "2075"]
[PlyCount "95"]
[EventDate "2009.??.??"]
[WhiteTeam "SK Marmstorf GW Harburg"]
[BlackTeam "Muldental Wilkau-Haßlau"]

1. c4 g6 2. g3 Bg7 3. Bg2 e5 4. Nc3 f5 5. d3 Nf6 6. e3 d6 7. Nge2 c6 8. f4 O-O
9. O-O Be6 10. b3 Qc7 11. Ba3 Re8 12. Rc1 Na6 13. b4 Rad8 14. b5 Nb8 15. Qa4
Ng4 16. Qxa7 Nd7 17. bxc6 Ra8 18. cxd7 Reb8 19. Bxd6 Qxd6 20. Nb5 Rxa7 21. Nxd6
Bxd7 22. Rb1 Nxe3 23. Bxb7 Kf8 24. c5 Nxf1 25. Kxf1 Bc6 26. Rb6 Rbxb7 27. Nxb7
Bxb7 28. c6 Bc8 29. Nc3 Ke8 30. Nb5 Rxa2 31. Rb7 Bf8 32. Rxh7 Rc2 33. Na7 Ba6
34. fxe5 Bxd3+ 35. Ke1 Ba6 36. e6 Re2+ 37. Kd1 Rxe6 38. c7 Re7 39. Rxe7+ Bxe7
40. c8=Q+ Bxc8 41. Nxc8 Bc5 42. Ke2 Kd7 43. Kf3 Kxc8 44. Kf4 Be7 45. h4 Bd6+
46. Kg5 Bxg3 47. h5 gxh5 48. Kxf5 1/2-1/2

[Event "Lichtenrader Herbst"]
[Site "Berlin"]
[Date "2009.10.25"]
[Round "9.20"]
[White "Kostre, Margarita"]
[Black "Burger, Heinrich"]
[Result "1/2-1/2"]
[WhiteElo "1737"]
[BlackElo "2069"]
[PlyCount "41"]
[EventDate "2009.??.??"]
[WhiteTeam "Schachpinguine Berlin e.V."]
[BlackTeam "VfB Hermsdorf e.V."]

1. e4 g6 2. d4 d6 3. Nc3 c6 4. Be3 Bg7 5. Qd2 b5 6. a3 a6 7. Nf3 Qc7 8. g3 Nd7
9. Bg2 Bb7 10. O-O Ngf6 11. Bh6 O-O 12. Nh4 Rfe8 13. Bxg7 Kxg7 14. f4 c5 15. e5
Ng8 16. Nd5 Qd8 17. Rae1 Rb8 18. f5 dxe5 19. dxe5 Nb6 20. fxg6 fxg6 21. Rd1
1/2-1/2